Physical Management for Neurological Conditions (Record no. 1751)

MARC details
000 -LEADER
fixed length control field 00565nam a22002057a 4500
003 - CONTROL NUMBER IDENTIFIER
control field OSt
005 - DATE AND TIME OF LATEST TRANSACTION
control field 20180226183153.0
008 - FIXED-LENGTH DATA ELEMENTS--GENERAL INFORMATION
fixed length control field 150512b xxu||||| |||| 00| 0 eng d
020 ## - INTERNATIONAL STANDARD BOOK NUMBER
International Standard Book Number 9780702054693
040 ## - CATALOGING SOURCE
Transcribing agency DNLM
082 ## - DEWEY DECIMAL CLASSIFICATION NUMBER
Classification number WL100 P569m 2012
100 ## - MAIN ENTRY--PERSONAL NAME
Personal name editor Maria,Stokes; Emma Stack
9 (RLIN) 4614
245 ## - TITLE STATEMENT
Title Physical Management for Neurological Conditions
250 ## - EDITION STATEMENT
Edition statement 3rd ed
260 ## - PUBLICATION, DISTRIBUTION, ETC. (IMPRINT)
Place of publication, distribution, etc. London;
Name of publisher, distributor, etc. Elsevier,
Date of publication, distribution, etc. 2012
300 ## - PHYSICAL DESCRIPTION
Extent xviii,430p;
Other physical details col.ill:
Dimensions 25cm
504 ## - BIBLIOGRAPHY, ETC. NOTE
Bibliography, etc Appendices, & index included
650 ## - SUBJECT ADDED ENTRY--TOPICAL TERM
Topical term or geographic name as entry element Neurology
9 (RLIN) 2815
942 ## - ADDED ENTRY ELEMENTS (KOHA)
Source of classification or shelving scheme Other/Generic Classification Scheme
Koha item type Open Shelf
Holdings
Withdrawn status Lost status Source of classification or shelving scheme Damaged status Not for loan Home library Current library Date acquired Source of acquisition Inventory number Total Checkouts Full call number Barcode Date last seen Koha item type
    Other/Generic Classification Scheme     MUST Main Library MUST Main Library 12/05/2015   15/38899   WL100 P569m 2012 2015-1404 12/05/2015 Open Shelf
    Other/Generic Classification Scheme     MUST Main Library MUST Main Library 12/05/2015   15/38900   WL100 P569m 2012 2015-1405 12/05/2015 Open Shelf
    Other/Generic Classification Scheme     MUST Main Library MUST Main Library 26/02/2018   17/40450   WL100 P569m 2012 2018-0106 26/02/2018 Short Loan